[Event "FIDE Online-ch U14 Open 2020"]
[Site "Online"]
[Date "2020.12.19"]
[Round "4.3"]
[White "Gukesh D"]
[Black "Murzin, Volodar"]
[Result "1-0"]
[WhiteElo "2563"]
[BlackElo "2470"]
[Annotator "TA"]
[PlyCount "125"]
[EventDate "2020.12.19"]
[EventType "k.o."]
[EventCountry "NET"]
[SourceTitle "playchess.com"]
[Source "ChessBase"]
[SourceQuality "1"]

{[%evp 9,125,9,35,33,31,34,37,37,45,47,118,108,100,90,124,106,109,97,105,52,150,144,145,154,149,144,147,145,141,139,143,134,146,104,95,84,220,97,118,118,175,184,323,313,377,377,360,369,531,480,760,712,899,897,1058,764,708,619,815,987,962,952,806,465,542,484,476,459,29991,742,652,682,701,455,463,464,451,443,572,300,299,294,521,496,629,617,713,700,689,0,0,0,656,656,1311,1254,1200,1183,29957,29958,29966,29967,29966,29968,29967,29969,29969,29960,29960,29960,29954,93,49,49,49,8,8,0]} 1. e4 c6 2. d4 d5 3. e5 Bf5 4. Nf3 e6 5. Be2 Ne7 6. c3 {B12: Caro-Kann: Advance Variation.} c5 7. dxc5 Nec6 8. b4 {White is slightly better.} Nd7 9. Nd4 Bg6 (9... Ndxe5 $14 10. Nxf5 exf5) 10. f4 $1 $16 a5 11. O-O {[#]} Be7 $146 ({Predecessor:} 11... axb4 12. Nxc6 bxc6 13. cxb4 Qb8 14. Bd2 Be7 15. Bc3 O-O 16. a4 f6 17. Bg4 Bf7 {1-0 (47) Odeeva,K (2188)-Boumbar,M (2199) ICCF email 2017}) 12. Nxc6 bxc6 13. Be3 O-O 14. Nd2 (14. Bg4 $16) 14... Qc7 (14... axb4 $14 15. cxb4 Ra3) 15. Nf3 Rfb8 16. a3 Ra7 17. Bd3 Bxd3 18. Qxd3 Rba8 19. Rf2 axb4 20. cxb4 Qb7 21. f5 exf5 22. Qxf5 {And now e6 would win.} Nf8 (22... Rxa3 $16 23. Rxa3 Rxa3) 23. Qd3 (23. Nd4 $18 {is the precise move to win.}) 23... Ne6 24. Nd4 {[%cal Bf3d4,Bd4f5,Bf5d6][%mdl 32]} Qd7 (24... Qa6 $16 {is a better defense.} 25. Qxa6 Rxa6) 25. Nf5 $1 $18 Bd8 (25... Qd8 $142 26. Bc1 Bf8) 26. Nd6 f6 27. b5 $1 Ra4 28. b6 Rb8 (28... Rg4 $142 29. Re1 Rb8 30. exf6 Bxf6) 29. Qb3 Rg4 (29... Raa8 $142 30. exf6 Bxf6) 30. a4 fxe5 31. a5 Nc7 32. Raf1 {[%csl Gf1][%cal Rf2f8]} Bf6 33. Qd3 Ra4 34. bxc7 Qxc7 35. Qf5 {Threatens to win with Qe6+.} Qe7 36. Bd2 e4 37. Kh1 Ra2 38. g4 {Strongly threatening g5.} Bd4 (38... g6 $18 39. Qf4 Be5) 39. Bg5 (39. Nc8 $142 Bxf2 40. Nxe7+ Kh8 41. Qe5 $1 {[%mdl 512]} Rab2 42. Bh6 Rg8 43. Nxg8 Rb7 44. Ne7 Rxe7 45. Qxe7 gxh6 46. Qf8#) 39... Rxf2 40. Rxf2 g6 41. Bxe7 gxf5 42. Rxf5 {Threatening mate with Rg5+.} h6 43. a6 {[%cal Ba5a6,Ba6a7][%mdl 32]} Bxc5 44. Nc8 Bd4 45. Rf8+ Kh7 $2 (45... Kg7 46. a7 Ra8) 46. a7 Rb1+ 47. Kg2 Ra1 48. Bf6 Ra2+ 49. Kg3 Ra3+ 50. Kg2 Ra2+ 51. Kf1 $1 Bxa7 52. Rf7+ Kg6 53. Rxa7 Rxa7 54. Nxa7 Kxf6 55. Nxc6 {[%mdl 4096] Endgame KN-K3P} Kg5 {[#]} 56. h3 $1 h5 57. gxh5 Kxh5 {KN-KPP} 58. Nd4 Kg5 59. Kf2 Kf4 {[#]} 60. Ne2+ $2 (60. Nc2 $1 {mates} Kf5 61. Kg3 Ke5 62. Ne3 d4 63. Nc2 d3 64. Ne3 Kf6 65. Kf4) 60... Ke5 $16 61. Ke3 Kf5 62. Nd4+ (62. Nc3 $5 {[%cal Rc3d5]} Ke5 63. Ne2 $18) 62... Kg5 $1 63. Kf2 {[%mdl 32768] Weighted Error Value: White=0.42/Black=0.64. Sensor Board Error (Ke4/e5)?} 1-0